Deutsche Rechtsregeln und Rechtssprichwörter. Ein Lexikon.
Guardat en:
| Autor principal: | |
|---|---|
| Altres autors: | |
| Format: | Llibre |
| Idioma: | anglès |
| Publicat: |
München, Deutschland:
C.H. Beck,
1996.
|
| Matèries: | |
| Etiquetes: |
Afegir etiqueta
Sense etiquetes, Sigues el primer a etiquetar aquest registre!
|
MARC
| LEADER | 00000nam a22000007a 4500 | ||
|---|---|---|---|
| 003 | CL-VaPUC | ||
| 005 | 20220822114445.0 | ||
| 008 | 220329t1996 ||||| |||| 00| 0 eng d | ||
| 999 | |c 435190 |d 435188 | ||
| 020 | |a 3-406-40523-1 | ||
| 040 | |c Pontificia Universidad Católica de Valparaíso | ||
| 082 | 7 | |a 349.4303 SCH 1996 |2 22 | |
| 100 | |a Schmidt-Wiegand, Ruth |9 867780 |e autorin | ||
| 245 | |a Deutsche Rechtsregeln und Rechtssprichwörter. |b Ein Lexikon. | ||
| 260 | |a München, Deutschland: |b C.H. Beck, |c 1996. | ||
| 300 | |a 402 páginas. | ||
| 500 | |a c.1 Donación Familia Prof. Alejandro Guzmán Brito. | ||
| 505 | |a Inhalt: - Einleitung. - Alphabetisches Verzeichnis der Sprichworter. - Anhang. - Abkurzungen. - Verzeichnis aller im Text aufgefuhrten.Artikel des Handwörterbuchs zur deutschen Rechtsgeschichte. - Quellen. - Wörterbücher und Nachslagwerke. - Literatur. | ||
| 583 | |c 20220329 |k Yessy Stephany Diaz Vidal | ||
| 650 | 0 | |a Máximas legales |9 256007 |z Alemania | |
| 650 | 0 | |a Derecho |z Alemania |x Diccionarios |9 869958 | |
| 700 | |a Schowe, Ulrike |9 867781 |e mitarbeit | ||
| 942 | |2 ddc |c BK |n 0 | ||
| 952 | |0 0 |1 0 |2 ddc |4 0 |6 349_430300000000000_SCH_1996 |7 0 |8 C_AGB |9 582229 |a BIBDER |b BIBDER |d 2022-03-29 |e Donación |i 5650449 |o 349.4303 SCH 1996 |p 5650449 |r 2023-01-25 |t 1 |w 2022-03-29 |y BK_US |k AGB | ||